000 00323nam a2200145Ia 4500
008 230718s9999 xx 000 0 und d
041 _aEng.
082 _a821
_bDRI-D
100 _aDrian A. Husain
245 0 _aDesert Album
260 _aPakistan
_bOxford in fress
_c1997
300 _a52
650 _aLaw
999 _c26081
_d26081